Normal view
MARC view
Entry Personal Name
001 - CONTROL NUMBER
- control field: 1237790
003 - CONTROL NUMBER IDENTIFIER
- control field: OSt
005 - DATE AND TIME OF LATEST TRANSACTION
- control field: 20260430150533.0
008 - FIXED-LENGTH DATA ELEMENTS
- fixed length control field: 260430|| aca||aabn | a|a d
040 ## - CATALOGING SOURCE
- Original cataloging agency: OSt
- Transcribing agency: OSt
100 ## - HEADING--PERSONAL NAME
- Personal name: Blaveer Au.; Dubey Yogesh Kumar Gu
670 ## - SOURCE DATA FOUND
- Source citation: Work cat.: (OSt)1850024: Blaveer Au.; Dubey Yogesh Kumar Gu., Reflection on the Farmer Figure in Indian Literature in English in the Context of Globalization: From 1991 to Present, 2024
